=LDR 00000nam 2200000 4500 =001 INLIS000000000035440 =005 20130612141309 =008 ***********************************ind** =035 ##$$0010-061300000035440 =041 ##$$a ind =082 ##$$a 530.3 =090 ##$$a R.530.3, Sri e =100 ##$$a Sri Suyati =245 ##$$a Ensiklopedia Fisika, Cahaya dan Optik, Sri Soeyati, Agus salam =260 ##$$a 2007 $b Bekasi =300 ##$$a ...Jil, Ilus, 30 Cm =650 ##$$a Fisika, Ensiklopedi =700 ##$$a Salam, Agus =850 ##$$a NBPNMAT =990 ##$$a 0001/BPAP-NTB/2016